000 00294nam a2200097Ia 4500
005 20251222114344.0
008 251222s1900||||xx |||||||||||||| ||spa||
082 _aDVD0195/U61I/2003
245 0 _aConferencia: Implicancias de las relaciones judeo - cristiana en sus propias identidades :
942 _cDVD
999 _c981
_d981